<The> politi of accommodation : (Record no. 4988)

MARC details
000 -LEADER
campo de control de longitud fija 01035nam a2200313Ia 4500
001 - NÚMERO DE CONTROL
campo de control 008929
008 - DATOS DE LONGITUD FIJA--INFORMACIÓN GENERAL
campo de control de longitud fija 221003s1991 xx 000 0 eng d
020 ## - NÚMERO INTERNACIONAL ESTÁNDAR DEL LIBRO
Número Internacional Estándar del Libro 84-7919-035-3
035 ## - NÚMERO DE CONTROL DEL SISTEMA
Número de control de sistema CENDO_4989
041 ## - CÓDIGO DE IDIOMA
Código de lengua del texto/banda sonora o título independiente eng
084 ## - OTRO NÚMERO DE CLASIFICACIÓN
Número de clasificación CD-02120
100 ## - ENTRADA PRINCIPAL--NOMBRE DE PERSONA
Nombre de persona PEREZ-DIAZ, Víctor
9 (RLIN) 430
245 #0 - MENCIÓN DEL TÍTULO
Título <The> politi of accommodation :
Resto del título pesant politi in historical perspective /
Mención de responsabilidad, etc. Víctor Pérez-Díaz
260 ## - PUBLICACIÓN, DISTRIBUCIÓN, ETC.
Lugar de publicación, distribución, etc. Madrid :
Nombre del editor, distribuidor, etc. Instituto Juan March de Estudios e Investigaciones, Centro de Estudios Avanzados en Ciencias Sociales,
Fecha de publicación, distribución, etc. 1991
300 ## - DESCRIPCIÓN FÍSICA
Extensión 43 p. ;
Dimensiones 30 cm
490 ## - MENCIÓN DE SERIE
Mención de serie Estudio/Working papers ;
Designación de volumen o secuencia 1991/30
650 ## - PUNTO DE ACCESO ADICIONAL DE MATERIA--TÉRMINO DE MATERIA
Término de materia o nombre geográfico como elemento de entrada POLITICA AGRARIA
9 (RLIN) 518
650 ## - PUNTO DE ACCESO ADICIONAL DE MATERIA--TÉRMINO DE MATERIA
Término de materia o nombre geográfico como elemento de entrada HISTORIA
9 (RLIN) 26
650 ## - PUNTO DE ACCESO ADICIONAL DE MATERIA--TÉRMINO DE MATERIA
Término de materia o nombre geográfico como elemento de entrada ESPAÑA
9 (RLIN) 9
650 ## - PUNTO DE ACCESO ADICIONAL DE MATERIA--TÉRMINO DE MATERIA
Término de materia o nombre geográfico como elemento de entrada CASTILLA
9 (RLIN) 5366
710 ## - ENTRADA AGREGADA--NOMBRE DE ENTIDAD CORPORATIVA
Nombre de entidad corporativa o nombre de jurisdicción como elemento de entrada INSTITUTO JUAN MARCH DE ESTUDIOS E INVESTIGACIONES
Unidad subordinada Centro de Estudios Avanzados en Ciencias Sociales
Sede del congreso/Lugar de la reunión Madrid,
Término indicativo de función/relación ed.
9 (RLIN) 1401
901 ## - ELEMENTOS DE DATOS A LOCAL LDA (RLIN)
a 1
903 ## - ELEMENTOS DE DATOS C LOCAL, LDC (RLIN)
a NO
904 ## - ELEMENTOS DE DATOS D LOCAL, LDD (RLIN)
a 000
953 ## -
-- 1998-12-22
-- MONOGRAFIA
-- CD-02120
910 ## - DATOS DE OPCIÓN DEL USUARIO (OCLC)
Datos de opción del usuario 1991
942 ## - ELEMENTOS DE ENTRADA SECUNDARIOS (KOHA)
Tipo de ítem Koha Monografía
Holdings
Estatus retirado Estado de pérdida Estado de daño No para préstamo Biblioteca de origen Biblioteca actual Fecha de adquisición Total de préstamos Signatura topográfica completa Código de barras Visto por última vez Precio de reemplazo Tipo de ítem Koha
        CENDO CENDO 22/12/1998   CD-02120 CENDO_4989 05/10/2022 05/10/2022 Monografía